00776nam a22002057a 450000500170000001000150001702000270003203500140005903700090007308200120008210000300009424500910012425000060021526000430022127000760026430000200034094200260036099900190038695201650040520251022124052.0 aENG-146976 c1380.00a9788198403728 aEN-130508 bDBAD a303.625 aPillai, Aneesh V. 985522 aState Responsibility Under International Law: bEmerging Dimensions/cAneesh V. Pillai a1 aNew DelhibKW Publishers Pvt Ltdc2025 bNew DelhiaKW Publishers Pvt Ltd;e110002k91 1143528107k91 1143528107 a258p.c24cm(hb) 2ddccENh303.625mPIL c213662d213662 001040708NFICaRC3ANbRC3ANd2025-10-22eDelivery of Books Act Divisiong1880.00l0o303.625 PILpEN-130508r2025-10-22 00:00:00t1 v1880.00w2025-10-22yEN